Alumnado de otras culturas. Acogida y escolarización
में बचाया:
| मुख्य लेखकों: | , |
|---|---|
| स्वरूप: | पुस्तक |
| भाषा: | स्पेनिश |
| प्रकाशित: |
Barcelona
Graó
2010
|
| संस्करण: | 1a. ed |
| श्रृंखला: | Escuela Inclusiva: Alumnos Distintos pero no Diferentes, 6
|
| विषय: | |
| टैग: |
टैग जोड़ें
कोई टैग नहीं, इस रिकॉर्ड को टैग करने वाले पहले व्यक्ति बनें!
|
MARC
| LEADER | 00000cam a2200000 a 4500 | ||
|---|---|---|---|
| 001 | UCG5755 | ||
| 003 | CL-VaPUC | ||
| 008 | 110317e20100000SP |||||||||||||||||spa|d | ||
| 020 | |a 9788478279708 | ||
| 082 | 0 | 4 | |a 371.9046 |b OLL |2 21 |
| 100 | |a Oller Barnada, Carles |e autor |9 555567 | ||
| 700 | 0 | |a Colomén Planagumà, Eva |e author |9 555568 | |
| 245 | 1 | 0 | |a Alumnado de otras culturas. Acogida y escolarización |
| 250 | |a 1a. ed | ||
| 300 | |a 134 p | ||
| 942 | |c BK | ||
| 945 | |d 20110317 00:00:00 |a jcampos | ||
| 260 | |a Barcelona |b Graó |c 2010 | ||
| 650 | 0 | |a Educación especial |9 307486 | |
| 650 | 0 | |a Escolarización |9 369242 | |
| 650 | 0 | |a Diversidad cultural |9 473079 | |
| 583 | |a last modification |c 20110902 11:27:43 |k Rodrigo Vera | ||
| 490 | 0 | |a Escuela Inclusiva: Alumnos Distintos pero no Diferentes, 6 | |
| 999 | |c 344135 |d 344133 | ||
| 952 | |0 0 |1 0 |4 0 |6 371_904600000000000_OLL_2010 |7 0 |8 A |9 441943 |a BIBEDU |b BIBEDU |d 2019-11-22 |i 4756371 |o 371.9046 OLL 2010 |p 4756371 |r 2019-11-22 |w 2019-11-22 |y BK |k EPE | ||
| 952 | |0 0 |1 0 |4 0 |6 371_904600000000000_OLL_2010 |7 0 |8 A |9 441944 |a BIBEDU |b BIBEDU |d 2019-11-22 |i 4789946 |o 371.9046 OLL 2010 |p 4789946 |r 2019-11-22 |w 2019-11-22 |y BK |k EPE | ||